| 000 | 00766nam a2200241 a 4500 | ||
|---|---|---|---|
| 001 | |||
| 003 | DO-SdBNP | ||
| 005 | 20210825103410.0 | ||
| 008 | 120207s2011 dr ac 000 0 spa d | ||
| 020 | _a978994500491 | ||
| 040 |
_aDO-SdBNP _bspa _cBPMSU |
||
| 082 |
_a972.93 _bG984m, 2011 _222 |
||
| 100 | 1 |
_aGutiérrez Félix, Euclides, _d1936- |
|
| 245 | 1 | 4 |
_aLos magnicidios dominicanos / _cEuclides Gutiérrez Félix. |
| 250 | _a2a ed. actualizada y corr. | ||
| 260 |
_aSanto Domingo : _bCorripio, _c2011. |
||
| 300 |
_a239 p. : _bil., retrs. ; _c23 cm. |
||
| 500 | _aIncluye datos biográficos del autor en la solapa de la cubierta | ||
| 590 | _6Inventariado, 2021/VM | ||
| 651 | 4 |
_aRepública Dominicana _xHistoria |
|
| 910 | _aVMateo V. | ||
| 942 |
_2ddc _cBK |
||
| 999 |
_c13685 _d13685 |
||